|
|
|
|
| LEADER |
01020nam a2200217 a 4500 |
| 008 |
091020s2001 ii a b 001 0 eng d |
| 040 |
|
|
|a OVP
|c OVP
|
| 082 |
0 |
0 |
|a 346.54/0682
|2 21
|
| 100 |
1 |
|
|a Singh, Avtar,
|d 1932-
|
| 245 |
1 |
0 |
|a Law of partnership :
|b commentaries on the Partnership act with practice notes and assessment of firms for income tax purposes /
|c by Avtar Singh.
|
| 246 |
1 |
0 |
|a Commentaries on the Partnership act with practice notes and assessment of firms for income tax purposes.
|
| 250 |
|
|
|a 3rd ed.
|
| 260 |
|
|
|a Lucknow :|bEastern Book Co.,
|c 2001.
|
| 300 |
|
|
|a xcvi, 976 p. :
|b ill., forms ;
|c 25 cm.
|
| 504 |
|
|
|a Includes bibliographical references and index.
|
| 541 |
1 |
|
|e 00012529
|
| 650 |
|
0 |
|a Partnership
|z India.
|
| 650 |
|
0 |
|a Partnership
|x Taxation
|z India.
|
| 852 |
4 |
|
|a Ayesha Abed Library
|j General shelf
|
| 999 |
|
|
|c 4772
|d 4772
|
| 952 |
|
|
|0 0
|1 0
|2 ddc
|4 0
|6 346_540682000000000_SIN
|7 0
|9 4582
|a BRACUL
|b BRACUL
|c GEN
|d 2009-10-22
|g 975.00
|l 5
|m 49
|o 346.540682 SIN
|p 3010012529
|r 2019-12-26
|s 2019-09-23
|t 1
|w 2009-10-22
|y BK
|